000
00267nam a2200109Ia 4500
008
220204s9999 xx 000 0 und d
082
_a
82-3MB
_b
WIN
100
_a
Winspear, Violet
245
0
_a
Love is the honey
260
_a
London
_b
Mills and Boon
_c
1979
942
_c
BK
999
_c
35695
_d
35695